00249nam a2200085Ia 4500008004100000041000800041100001700049245004700066260005000113231107s1975 xx 000 0 und d aeng aBraziller G. aArchitecture Cities & the Systems Approach aNew YorkbBraziller George Publicationc1975